| 000 | 00460nam a2200169Ia 4500 | ||
|---|---|---|---|
| 999 |
_c20774 _d20774 |
||
| 003 | OSt | ||
| 005 | 20200701112516.0 | ||
| 008 | 190216s9999||||xx |||||||||||||| ||und|| | ||
| 040 | _coclc | ||
| 082 |
_a909.82 _bHOB/N |
||
| 100 |
_aHobsbawm, E J _92591 |
||
| 245 | 4 |
_aThe New Century / _cE J Hobsbawm |
|
| 260 |
_bAbacus, _aLondon: _c2000. |
||
| 300 | _a176p | ||
| 650 | _aWorld History | ||
| 942 |
_cBK _2ddc _h909.82 _iHOB/N _k909.82 _mHOB/N |
||